000 00728nam a22002177a 4500
003 OSt
005 20251024012800.0
008 251008b |||||||| |||| 00| 0 eng d
020 _a1-884-735-57-6
040 _aDWCL-Main lib
_cOC
082 _aCirc. 616.7223 B821d 2000
100 _aBrandt, Kenneth D.
245 _aDiagnosis and non-surgical management of osteoarthritis
260 _aCaddo, Ok. :
_bProfessional Communications, Inc.,
_cc2000.
300 _axiv, 304 p. :
_billustration ;
_c19 cm.
504 _aIncludes bibliographical references and index.
650 _21. Arthritis.
650 _22. Osteoarthritis-Diagnosis.
650 _23. Osteoarthristis-Drug theraphy.
942 _2ddc
_cBK-CIRC
_e2nd ed.
_kCirc.
_n0
999 _c4710
_d4710